| Tag |
First Indicator |
Second Indicator |
Subfields |
| LEADER |
00000pam a2200000 a 4500 |
| 001 |
in00000088899 |
| 005 |
20151008063317.0 |
| 008 |
810617s1981 nyua b 00110 eng |
| 010 |
|
|
|a 81010842
|
| 020 |
|
|
|a 0126243506
|
| 035 |
|
|
|a (OCoLC)07574104
|
| 035 |
|
|
|9 AAK1986AM
|
| 039 |
0 |
|
|a 2
|b 3
|c 3
|d 3
|e 3
|
| 040 |
|
|
|a DLC
|c DLC
|d TXA
|d UtOrBLW
|
| 049 |
|
|
|a TXAM
|c [951749]
|
| 050 |
0 |
0 |
|a BF39
|b .S33
|
| 082 |
0 |
|
|a 001.4/2
|2 19
|
| 100 |
1 |
|
|a Schiffman, Susan S.
|
| 245 |
1 |
0 |
|a Introduction to multidimensional scaling :
|b theory, methods, and applications /
|c Susan S. Schiffman, M. Lance Reynolds, Forrest W. Young ; with contributions by J. Douglas Carroll [and others] ; with a foreword by Joseph B. Kruskal.
|
| 264 |
|
1 |
|a New York, N.Y. :
|b Academic Press,
|c [1981]
|
| 264 |
|
4 |
|c ©1981
|
| 300 |
|
|
|a xvi, 413 pages :
|b illustrations ;
|c 24 cm.
|
| 336 |
|
|
|a text
|b txt
|2 rdacontent
|
| 337 |
|
|
|a unmediated
|b n
|2 rdamedia
|
| 338 |
|
|
|a volume
|b nc
|2 rdacarrier
|
| 504 |
|
|
|a Includes bibliographies and index.
|
| 650 |
|
0 |
|a Multidimensional scaling.
|
| 650 |
|
0 |
|a Multidimensional scaling
|x Computer programs.
|
| 650 |
|
0 |
|a Psychometrics.
|
| 650 |
|
0 |
|a Social sciences
|x Methodology.
|
| 700 |
1 |
|
|a Reynolds, M. Lance.
|
| 700 |
1 |
|
|a Young, Forrest W.
|
| 999 |
|
|
|a MARS
|
| 999 |
f |
f |
|s c19df98b-8a70-384b-8708-4df29ef77178
|i 2da72f20-67f4-35b2-adf9-e20d14c63c4b
|t 0
|
| 952 |
f |
f |
|p normal
|a Texas A&M University
|b College Station
|c Sterling C. Evans Library
|d Evans: Library Stacks
|t 0
|e BF39 .S33
|h Library of Congress classification
|i unmediated -- volume
|m A14806086205
|
| 998 |
f |
f |
|a BF39 .S33
|t 0
|l Evans: Library Stacks
|